| 000 | 00735nam a2200241 i 4500 | ||
|---|---|---|---|
| 001 | 13616 | ||
| 003 | ES-MaACL | ||
| 005 | 20240608062958.0 | ||
| 007 | t| | ||
| 008 | 960904s1996 sp ||||0| spa j | ||
| 020 | _a84-88617-09-7 | ||
| 040 |
_aM-BN _bspa _cM-BN |
||
| 080 | _a860-32"19" | ||
| 100 | 0 |
_aMolina Caballero, José María, _d1961- _981916 |
|
| 245 | 1 | 0 |
_aCírculos concéntricos _b: (relatos) / _cJosé María Molina Caballero. |
| 250 | _a1ª ed. | ||
| 260 |
_aRute : _bAnfora Nova, _c1996. |
||
| 300 |
_a43 p ; _c18 cm. |
||
| 490 | 1 |
_aAnfora nova. Serie narrativa ; _v2 |
|
| 830 | 0 |
_aÁnfora Nova. Serie narrativa _v2 _9228439 |
|
| 852 |
_aES-MaACL _jL-20978 _bR.125443 |
||
| 999 |
_c13616 _d13616 |
||